Statistics for Algebra 2 Chapter 2

Click here to take the quiz!

General Stats

  • This quiz has been taken 70 times
  • The average score is 3 of 11

Answer Stats

MeaningAnswer% Correct
graph of a quadratic formulaparabola
93%
lowest or highest pointvertex
69%
line that divides a parabola into mirror imagesaxis of symmetry
31%
f(x)=ax^2+bx+cstandard form
31%
f(x)=a(x-h)^2+k w/ vertex= (h,k)vertex form
24%
Can be written f(x)=a(x-h)^2+kquadratic function
16%
line perpendicular to the axis of symmetry of a parabola and does not touch the paraboladirectrix
5%
f(x)=a(x-p)(x-q)intercept form
5%
y-coordinate of vertex when a < 0maximum value
3%
y-coordinate of vertex when a > 0minimum value
3%
all points in a plane which are an equal distance away from a given point and given linefocus
2%

Score Distribution

Percentile by Number Answered

Percent of People with Each Score

Your Score History

You have not taken this quiz